| 000 | 00000nam##2200000za#4500 |
| 001 | 9.602210 |
| 003 | CaOODSP |
| 005 | 20210624210445 |
| 007 | cr ||||||||||| |
| 008 | 150406|1999||||xxc|||||o f|0| 0 fre|d |
| 040 | |aCaOODSP|bfre |
| 043 | |an-cn--- |
| 086 | 1 |aNH18-24/13F-PDF |
| 110 | 2 |aSociété canadienne d'hypothèques et de logement. |
| 245 | 10|aVentilation du vide sous toit, humidité dans le vide sous toit et formation de barrières de glace |h[ressource électronique] |
| 250 | |aRév. 1999 |
| 260 | |aOttawa - Ontario : |bSociété canadienne d'hypothèques et de logement |cc1998. |
| 300 | |a6p.|bfigures |
| 490 | 1 |aVotre maison |vCF13 |
| 590 | |a11-23-Supp|b2011-10-17 |
| 691 | 07|aChauffage|2gcpds |
| 691 | 07|aEau|2gcpds |
| 691 | 07|aLogement|2gcpds |
| 691 | 07|aQualité de l'air|2gcpds |
| 775 | 08|tAttic venting, attic moisture, and ice dams |w(CaOODSP)9.571785 |
| 776 | 0#|tVentilation du vide sous toit, humidité dans le vide sous toit et formation de barrières de glace |w(CaOODSP)9.625690 |
| 830 | #0|aVotre maison ;|vCF13|w(CaOODSP)9.501787 |
| 856 | 40|ahttp://publications.gc.ca|qPDF|s220 Ko|uhttps://publications.gc.ca/collections/Collection/NH18-24-13F.pdf|yCF13 |